000 01058nam a2200361 a 4500
003 AR-BaBNM
005 20251128203803.0
008 082120s2002 ||||||||||||||000 | spa||
040 _cAR-BaBNM
100 1 _aWinocur, Perlina
245 0 0 _aDesarrollo, alimentación y salud del niño
_balgunos aspectos de la medicina preventiva en el medio escolar
260 _aBuenos Aires
_bEl Ateneo
_c1948
300 _a307 p.
_btablas, láms.
500 _aContiene apéndice
504 _aContiene bibliografía en notas a pie de página
650 4 _aEDUCACION DEL NIÑO
650 4 _aCOSTUMBRES ALIMENTARIAS
650 4 _aSALUD
650 4 _aSALUD MENTAL
650 4 _aSALUD DENTAL
650 4 _aALIMENTOS
650 4 _aDIETETICA
650 4 _aAMBIENTE FAMILIAR
650 4 _aACTIVIDADES AL AIRE LIBRE
650 4 _aGIMNASIA
650 4 _aEDUCACION FISICA
650 4 _aSERVICIOS ESCOLARES DE SALUD
650 4 _aMEDICINA PREVENTIVA
653 _aEDUCACION PARA LA SALUD
653 _aTRABAJO MANUAL
942 _cBK
998 _cSILVI
999 _c4943
_d4943